000 00438cam a2200169ua 4500
020 _a0-910608-40-7
041 _aeng
_h
082 _a025.431
_bDEW/DE
100 _aDewey, Melvil.
245 _aDewey Decimal Classification and Relative index, Vol 3 /
_cMelvil Dewey.
_hTextual Documents
250 _a20 /
_b.
260 _aNew York :
_bForest Press ,
_c1989.
300 _a864 ; .
504 _a
942 _cBK
999 _c641
_d641